| 000 | 01876nam a2200217Ia 4500 | ||
|---|---|---|---|
| 003 | Ost | ||
| 005 | 20260416102357.0 | ||
| 008 | 260416s9999||||xx |||||||||||||| ||und|| | ||
| 040 | _cfsecg | ||
| 041 | _aara | ||
| 082 | _a336.2 | ||
| 100 |
_aلجناف،عبد الرزاق _eمؤلف |
||
| 245 | 0 |
_aمحاضرات في مقياس المراجعة والتدقيق الجبائي : _bموجهة لفائدة سنة الاولى ماستر تخصص محاسبة و تدقيق / _cعبد الرزاق لجناف |
|
| 260 |
_aالجزائر _bجامعة الجزائر3: كلية العلوم الإقتصادية، العلوم التجارية وعلوم التسيير _c2021 |
||
| 300 |
_a168 ورقة _bايضاحات _c30 سم |
||
| 504 | _aمراجع ص.161 | ||
| 520 | _aمفاهيم عامة حول الجباية القانون الضريبي قوانين الاستثمار و الامتياز الجبائي مع الالمام بمحتوى مكونات النظام الضريبي الجزائري، الاطار المفاهيمي لعملية المراجعة الجبائية ، علاقة المراجعة الجبائية بباقي المراجعات الاخرى ، أشكال المراجعة الجبائية وفق التشريع الجزائري، المراجعة الجبائية المعمقة على محاسبة الشركات العرض النقدي و التطبيقات ، التحقيق المعمق في الوضعية الجبائية الشاملة للمكلف العرض النظري و التطبيقات ، باقي أنواع المراجعات الجبائية الأخرى العرض النظري و التطبيقات. | ||
| 653 | _aالضرائب | ||
| 710 |
_aجامعة الجزائر3: كلية العلوم الإقتصادية، العلوم التجارية وعلوم التسيير _eناشر علمي |
||
| 942 | _cHANDOUT | ||
| 999 |
_c41253 _d41253 |
||